|
|
|
|
| LEADER |
00000naa2a2200000 4500 |
| 001 |
383665 |
| 005 |
20231101063146.0 |
| 035 |
|
|
|a (RuTPU)RU\TPU\prd\9549
|
| 090 |
|
|
|a 383665
|
| 100 |
|
|
|a 20021227a2002 k y0rusy50 ca
|
| 101 |
0 |
|
|a rus
|
| 102 |
|
|
|a RU
|
| 200 |
1 |
|
|a Перспективы и значение повышения точности сужающих устройств для газов с учетом опыта исследований расходомера с поворотной заслонкой
|f Ю. Ф. Морозов, Д. И. Гудков, В. А. Власов
|
| 225 |
1 |
|
|a Механические измерения
|
| 320 |
|
|
|a Библиогр.: 4 назв.
|
| 461 |
|
1 |
|0 (RuTPU)RU\TPU\prd\1509
|x 0368-1025
|t Измерительная техника
|l Measurement Techniques
|o научно-технический журнал
|f Российская Федерация, Федеральное агентство по техническому регулированию и метрологии (Ростехрегулирование) (Госстандарт России)
|d 1940-1941, 1955-
|
| 463 |
|
1 |
|0 (RuTPU)RU\TPU\prd\6153
|t № 6
|v С. 38-41
|d 2002
|
| 610 |
1 |
|
|a сужающие устройства
|
| 610 |
1 |
|
|a газы
|
| 610 |
1 |
|
|a расходомеры
|
| 610 |
1 |
|
|a поворотные заслонки
|
| 610 |
1 |
|
|a исследования
|
| 610 |
1 |
|
|a калибровочные испытания
|
| 675 |
|
|
|a 681.12
|v 3
|
| 700 |
|
1 |
|a Морозов
|b Ю. Ф.
|
| 701 |
|
1 |
|a Гудков
|b Д. И.
|
| 701 |
|
1 |
|a Власов
|b В. А.
|
| 801 |
|
1 |
|a RU
|b 63413507
|c 20021227
|g PSBO
|
| 801 |
|
2 |
|a RU
|b 63413507
|c 20121217
|g RCR
|
| 942 |
|
|
|c BK
|